[Event "Bundesliga 0506"]
[Site "Germany"]
[Date "2005.10.21"]
[Round "7.3"]
[White "Ribli, Zoltan"]
[Black "Acs, Peter"]
[Result "1-0"]
[WhiteElo "2585"]
[BlackElo "2518"]
[Annotator "Stohl,I"]
[PlyCount "67"]
[EventDate "2005.10.21"]
[EventType "team-tourn"]
[EventRounds "15"]
[EventCountry "GER"]
[SourceTitle "CBM 110"]
[Source "ChessBase"]
[SourceDate "2006.01.31"]
[SourceVersion "1"]
[SourceVersionDate "2006.01.31"]
[SourceQuality "1"]
[WhiteTeam "Tegernsee"]
[BlackTeam "Eppingen"]
[WhiteTeamCountry "GER"]
[BlackTeamCountry "GER"]

1. d4 Nf6 2. c4 g6 3. g3 Bg7 4. Bg2 O-O 5. Nc3 d6 6. Nf3 Nc6 7. O-O a6 8. d5
Na5 9. Nd2 c5 10. Rb1 {The more popular line is} (10. Qc2 {now, or one move
later.}) 10... Rb8 11. b3 b5 12. Bb2 {In this line Black must judge carefully
how (and when) to resolve the << tension and when exactly to move the e-pawn.}
bxc4 {The main and most often played move, but Black has equivalent
alternatives:} (12... Bh6 13. Ba1 Bd7 $5 (13... Bxd2 14. Qxd2 bxc4 15. bxc4 (
15. Ne4 Nxe4 16. Bxe4 cxb3 17. Qh6 f6 18. Bxg6 $11) 15... Nxc4 16. Qf4 $44) 14.
cxb5 axb5 15. b4 cxb4 16. Rxb4 Qc7 17. e3 Bg7 18. Qe2 Ng4 19. h3 Ne5 20. Rfb1
Nac4 21. Nxb5 Bxb5 22. Rxb5 Rxb5 23. Rxb5 Ra8 24. Nxc4 Qxc4 25. Qxc4 Nxc4 26.
Bxg7 Kxg7 27. Rb4 Ne5 28. Rb2 {1/2,Ribli,Z-Khalifman,A/BL 9596/1996/} Nd3 {
/\Nb4=}) (12... e5 13. dxe6 (13. Qc2 {transposes into the aforementioned lines
with 10.Qc2, or 11.Qc2. It's probably a better way to retain the tension.}) (
13. e4 Ng4 $132) 13... Bxe6 (13... fxe6 $143 14. Nde4 $1 bxc4 15. Nxd6 cxb3 16.
axb3 Rxb3 17. Na4 Qc7 18. Rc1 $36 {Jussupow,A-Kindermann,S/GER-ch Bremen/1998/}
) 14. cxb5 axb5 15. Nde4 Rb6 (15... Ne8 16. Nd5 Nc6 17. Bxg7 Kxg7 18. Nf4 Bf5
19. Qd2 Ne5 20. Rbd1 Bxe4 21. Bxe4 Nf6 22. Bg2 Rb6 23. Qb2 b4 24. Nd5 Nxd5 25.
Rxd5 f6 26. Rfd1 Qe7 27. Qd2 Nf7 $11 {Rohde,U-Kindermann,S/GER-ch Altenkirchen/
1999/}) 16. Nxf6+ Bxf6 17. Qd2 b4 18. Nd5 Bxd5 19. Bxd5 Nc6 20. Rfd1 Kg7 21.
Bg2 Na7 22. a4 bxa3 23. Bxf6+ Qxf6 24. Qa5 Nc8 25. Qxa3 Ne7 26. Rd3 {1/2-1/2
Kharitonov,A-David,A/Cappelle la Grande 1996/CBM 051 ext (26)}) (12... Bf5 13.
e4 Bd7 (13... Bg4 $5) 14. Ba1 e5 $5 $13 (14... bxc4 15. bxc4 Rb4 16. a3 Rxb1
17. Ncxb1 e5 18. Bc3 Bh6 19. Bf3 Qb6 20. Be2 Bh3 21. Qa4 Nb7 22. Re1 Rb8 23.
Bd3 Bd7 24. Qd1 Nh5 25. Bc2 Na5 26. Kg2 Ng7 27. Rf1 $14 {Lputian,S-Blehm,P/
FIDE Wch New Delhi/2000/})) 13. bxc4 e5 ({Black more often plays the active} 
13... Bh6 14. Ba1 Bf5 {, but has his problems after} 15. e4 $5 (15. Rxb8 Qxb8
16. h3 Qb4 17. e4 Bd7 18. Qe2 Bxd2 19. Qxd2 Nxc4 20. Qe2 $44 {Aronian,
L-Ponomariov,R/Lausanne/2001/}) 15... Bg4 16. f3 Be3+ 17. Kh1 Bd7 18. Nb3 (18.
h3 $5 Bxd2 19. Qxd2 Nxc4 20. Qe2 Na3 21. Rbd1 Qa5 22. f4 Nb5 23. Qd2 Nh5 24.
Kh2 Nd4 25. g4 Ng7 26. e5 $40 {Matlak,M-Kulczewski/corr/1990/}) 18... Nxb3 19.
axb3 Bd4 20. Ne2 Bxa1 21. Rxa1 a5 22. Nf4 a4 23. bxa4 Rb4 24. Qc1 Qa5 25. e5
dxe5 26. Nd3 Rxa4 27. Rxa4 Qxa4 28. Nxe5 $36 {Dizdar,G-Kuzmin,A/Dubai op/2001/}
) 14. Qc2 $1 {White again prudently returns back to the Qc2 systems.} (14. Ba1
Rxb1 15. Ncxb1 Bd7 16. Bc3 Nh5 17. e4 Bh6 18. Na3 Qc7 {Anastasian,A-Socko,B/
EU-chT Batumi/1999/} 19. Qe2 Ng7 20. Nc2 f5 $13 {Socko}) 14... Bh6 (14... Bf5
15. e4 (15. Nce4 Nxe4 16. Bxe4 Bh3 17. Bg2 Bf5 18. Be4 Bh3 19. Rfc1 Qc7 20. Bc3
f5 21. Bg2 Bxg2 22. Kxg2 e4 23. Bxg7 Qxg7 24. Qa4 Rxb1 25. Rxb1 Qc3 26. Nb3
Nxc4 27. Rc1 Nb2 28. Qa3 Qe5 29. Rc2 c4 30. Na5 Nd3 $1 $36 {Banusz,T-Ballai,Z/
HUN-chT 0304/2004/}) 15... Bd7 16. Ne2 Rb4 17. a3 Ba4 18. Qd3 Rb8 19. Bc3 Qc7
20. f4 Nd7 21. Bh3 $14 {Schmidt,W-Balcerowski,W/POL-ch Piotrkow Trybunalski/
1970/}) 15. e3 Bd7 $146 (15... Nh5 16. Ba1 Rxb1 17. Rxb1 f5 18. Qb2 f4 19. exf4
exf4 20. Nce4 Bg7 21. Qb8 Bxa1 22. Rxa1 Nb7 23. Rb1 Qe7 {Minasian,A-Socko,B/
EU-ch Batumi/2002/} 24. g4 $1 $14) (15... Bf5 16. Nce4 Nxe4 17. Bxe4 Bd7 18.
Bc3 Qc7 {Keres,P-Stein,L,Tallinn/1971/} 19. Rb2 $1 $14 {Keres}) 16. Ba1 Qc7 (
16... Qe7 $5) 17. h3 Rb4 (17... Nh5 18. g4 $36 Ng7 19. Rxb8 Rxb8 20. Nce4 $40)
(17... Bf5 18. e4 Bd7 19. f4 $5 $14) (17... Bg7 $142 $5) 18. a3 Rxb1 19. Rxb1
Rb8 20. f4 $1 $36 {White wants to open the position and Black has problems
with his pieces on the rim (the Na5 and Bh6).} Bf5 $6 {Acs's attempt to
activate his pieces backfires and gets him quickly into trouble.} (20... exf4
21. Rxb8+ Qxb8 22. Nce4 $5 $40) (20... Rxb1+ 21. Ncxb1 Ne8 $5 $14) 21. Rxb8+
Qxb8 22. Qa4 Qb6 23. Nd1 Bd7 24. Qc2 Bf5 25. Qa2 $5 (25. Qc1 $16 {[%csl Re5]
><e5}) 25... Bd7 26. Bc3 {Ribli first improves his pieces and increases the
pressure aganist e5.} (26. fxe5 dxe5 27. Bxe5 Ba4 28. Nc3 Bxe3+ 29. Kh2 $16)
26... Nb7 (26... Ba4 $142 27. Qb2 $1 Qc7 28. Nf2 Nd7 $16 {is dreary, but now
White opens the [+].}) 27. fxe5 dxe5 28. Bxe5 Ba4 29. Nc3 Bxe3+ 30. Kh2 Nd7 (
30... Bd7 31. Nde4 (31. d6 Bd4 32. Bxf6 Bxf6 33. Nd5 Qd8 $1 {/\} 34. Nxf6+ Qxf6
35. Bxb7 Qf2+ $11 36. Bg2 $4 Bc6 $19) (31. Qb3 Qxb3 32. Nxb3 Ne8 $16) 31... Ne8
32. d6 $1 {[%cal Rc3d5] /\Nd5+-}) 31. Nxa4 Qa5 32. Nf1 Qxa4 33. Nxe3 Nxe5 34.
Qb2 $1 {[%cal Rb2b7,Rb2e5] The final double attack nets White a piece.} 1-0

[Event "EU-Cup 23rd"]
[Site "Kemer"]
[Date "2007.10.05"]
[Round "3.4"]
[White "Sargissian, Gabriel"]
[Black "Huschenbeth, Niclas"]
[Result "1-0"]
[WhiteElo "2673"]
[BlackElo "2318"]
[Annotator "Huschenbeth,N"]
[PlyCount "105"]
[EventDate "2007.10.03"]
[EventType "team-swiss"]
[EventRounds "7"]
[EventCountry "TUR"]
[SourceTitle "CBM 121"]
[Source "ChessBase"]
[SourceDate "2007.11.14"]
[SourceVersion "1"]
[SourceVersionDate "2007.11.14"]
[SourceQuality "1"]
[WhiteTeam "Merida Linex Magic"]
[BlackTeam "Hamburger SK"]
[WhiteTeamCountry "ESP"]
[BlackTeamCountry "GER"]

1. d4 Nf6 2. Nf3 g6 3. c4 Bg7 4. g3 d6 5. Bg2 O-O 6. Nc3 Nc6 7. O-O a6 8. d5 {
Mein Gegner wählte das Jugoslawische System. Ich denke, Weiß hat nur einen
Vorteil in diesem System, nämlich das der Springer auf a5 langfristig sehr
schlecht steht und ein paar Züge braucht (b7-d8), um wieder ins Spiel zu
finden. Man könnte diese Partie daher glatt als Beispielpartie nehmen, da ich
sie nur aufgrund meines Springers verlor!} (8. h3 {wird auch häufig gespielt.}
Bd7 9. e4 e5 10. Be3 exd4 11. Nxd4 Re8 $13) 8... Na5 9. Nd2 (9. Qd3 c5 10. Rb1
b5 11. cxb5 c4 12. Qd1 (12. Qc2 axb5 13. Nxb5 Bf5 $19) 12... axb5 13. Nxb5 Bf5
14. Ra1 Nb3 15. axb3 Rxa1 16. bxc4 Qc8 $15) 9... c5 10. Rb1 (10. a3 $6 {
[%cal Yb2b4]} Nd7 11. Qc2 Ne5 12. Nd1 b5 13. cxb5 axb5 14. Rb1 b4 15. Re1 Bd7
16. f4 b3 $1 $17) 10... Rb8 11. b3 (11. b4 $6 Ng4 12. Nce4 cxb4 13. Rxb4 Qc7
$15) 11... b5 12. Bb2 e5 13. Qc2 Bf5 {Provoziert e4.} 14. e4 Bd7 {Soweit hatte
ich mich vorbereitet. Der nächste Zug von ihm war mir nicht bekannt, er ist
aber wahrscheinlich stärker als das häufiger gespielte Nd1.} 15. Ne2 $5 (15.
Nd1 Nh5 16. f4 (16. Ne3 f5 17. f4 exf4 18. Bxg7 Nxg7 19. Rxf4 Qe7 20. Rbf1 Rbe8
$11) (16. Bf3 $5 Bh3 17. Re1 Qg5 18. Qc3 b4 19. Qe3 f6 $1 $11) 16... bxc4 17.
fxe5 (17. bxc4 Rxb2 $1 {Ein häufiges Motiv in diesem Stellungstyp.} 18. Qxb2
exf4 19. Qb6 Bd4+ 20. Kh1 Nxg3+ $3 21. hxg3 Qg5 22. Rxf4 Qh6+ 23. Rh4 Qxd2 $17)
(17. Nxc4 Nxc4 18. bxc4 Rxb2 19. Nxb2 exf4 20. Bf3 fxg3 21. Bxh5 gxh2+ 22. Kh1
gxh5 $15) 17... cxb3 18. axb3 dxe5 19. Bc3 Bb5 20. Re1 Nb7 $15) (15. f4 $2 exf4
16. gxf4 bxc4 17. bxc4 Ng4 18. Nd1 Rxb2 $1 19. Nxb2 Nxh2 20. Nf3 Nxf1 $17)
15... Qe7 (15... Nh5 {ist nun nicht mehr so stark.} 16. f4 bxc4 17. bxc4 Rxb2
18. Rxb2 exf4 19. Nxf4 Bxb2 20. Qxb2 $16) (15... h5 $5 16. Bc3 h4 17. Qd3 Nb7
18. f4 {1-0 Nielsen,P-Bologan,V Skanderborg 2003} hxg3 19. hxg3 Ng4 $13) 16.
Rbe1 (16. f4 Ng4 17. Qd3 bxc4 18. bxc4 Rxb2 $5 19. Rxb2 exf4 20. Rb6 fxg3 21.
hxg3 Ne5 22. Qc2 Bg4 23. Nf4 Qa7 $44 24. Rxd6 Nb7) 16... Nh5 17. Bc3 b4 $6 {
Nun wird endgültig klar, dass die Konfrontation am Königsflügel stattfinden
wird. Allerdings hat der Schwarze wegen dem Springer auf a5 eine Figur weniger
im Spiel.} (17... Nb7 18. f4 f5 19. exf5 Bxf5 20. Ne4 bxc4 21. bxc4 exf4 22.
Nxf4 Nxf4 23. Rxf4 Be5 24. Rff1 $14) 18. Bb2 f5 (18... g5 $5 19. f4 exf4 20.
gxf4 gxf4 21. Nxf4 Nxf4 22. Rxf4 Be5 23. Rf2 (23. Bxe5 dxe5 24. Rf2 Rb6 $11 {
[%cal Ya5b7,Yb7d6,Yb6g6]}) 23... f6 {[%csl Ge5]} 24. Nf3 Kh8 25. Ref1 Qg7 26.
Kh1 Rbe8 $14) 19. f4 exf4 (19... Rbe8 $5 20. Bh3 exf4 21. Nxf4 Nxf4 22. gxf4
fxe4 23. Bxd7 Qxd7 24. Nxe4 Nb7 25. Kh1 $14 {[%cal Ge4g5,Gg5e6]}) 20. Nxf4 Nxf4
21. gxf4 $1 {Weiß nimmt gerne eine Schwächung der Bauernstruktur für die
Initiative in Kauf.} fxe4 22. Nxe4 Bf5 23. Qd2 Bxb2 24. Qxb2 Bxe4 {Ich denke,
es ist notwendig, den Springer abzutauschen, da er sonst eh auf e6 auftauchen
wird.} 25. Rxe4 Qg7 26. Qxg7+ (26. Qe2 {sieht vielleicht besser aus als es ist.
} Rf7 27. Bh3 Kh8 28. Be6 Rf6 29. Kh1 Rbf8 $132) 26... Kxg7 27. f5 $5 (27. Bh3
Nb7 28. Rfe1 Rf7 29. Kf2 Rbf8 30. Kg3 $14) 27... gxf5 28. Re7+ Rf7 29. Rxf7+
Kxf7 30. Be4 $1 Kg7 31. Rxf5 (31. Bxf5 $2 Rf8 32. Be6 Rxf1+ 33. Kxf1 Nb7 34.
Bc8 Nd8 35. Bxa6 Nf7 {mindestens Ausgleich.}) 31... Re8 32. Rf4 Re7 $6 (32...
Nb7 $1 33. Rh4 (33. Rg4+ Kf6 34. Kf2 (34. Bxh7 Re1+ 35. Kf2 Ra1 $11) 34... Nd8
35. Bxh7 Rh8 36. Rg6+ Ke7 37. Rg7+ Kf6 38. Ra7 Nf7 39. Be4 Rxh2+ 40. Bg2 Rh8
41. Rxa6 Kf5 42. Ra7 Ne5 $11) 33... h6 34. Rg4+ Kf8 35. Kf2 Nd8 36. Bf5 Nf7 37.
Rg6 Re5 38. Bc8 Rg5 39. Rf6 Kg7 40. Re6 Rf5+ 41. Kg2 Rg5+ $11) 33. Rh4 Kh8 $2 {
Der entscheidende Fehler. Jetzt ist Schwarz zur Passivität verurteilt.} (33...
h5 34. Kf2 Re5 35. Bf3 Kg6 36. Kg3 Nb7 37. Rf4 Nd8 38. Rf8 Nf7 39. Ra8 Ng5 40.
Bg2 $16) (33... h6 $1 34. Rg4+ Kf8 35. Rf4+ (35. Kf2 Nb7 36. Kf3 Nd8 37. Rg6
Nf7 38. Kf4 Ng5 39. Bf5 Re2 40. Bg4 Re4+ 41. Kg3 Re3+ 42. Kh4 Nf7 $13) 35...
Kg7 36. Kf2 Nb7 37. Ke3 Nd8 38. Rg4+ Kf8 39. Rg6 Nf7 40. h4 Re5 41. Kf4 Rh5 {
und Schwarz kann noch kämpfen}) 34. Kf2 Nb7 35. Bd3 Kg8 (35... Nd8 36. Rh6) 36.
Rh6 Rg7 37. Kf3 Kf8 38. Rxh7 Rxh7 39. Bxh7 Nd8 40. Bg6 $1 {[%csl Rd8]} Kg7 41.
Be8 Kf6 42. Kf4 Ke7 43. Bh5 Kf6 44. h4 a5 45. Be8 Ke7 46. Bg6 Kf6 47. h5 Nb7
48. Be8 Ke7 49. h6 Kf6 50. h7 Kg7 51. Kf5 Kxh7 52. Ke6 Kg7 53. Ke7 1-0

[Event "Sautron op 13th"]
[Site "Sautron"]
[Date "2013.10.28"]
[Round "3"]
[White "Bailet, Pierre"]
[Black "Avrukh, Boris"]
[Result "0-1"]
[WhiteElo "2474"]
[BlackElo "2576"]
[Annotator "Primel,D"]
[PlyCount "77"]
[EventDate "2013.10.26"]
[EventType "swiss"]
[EventRounds "9"]
[EventCountry "FRA"]
[SourceTitle "EXT 2016"]
[Source "ChessBase"]
[SourceDate "2015.10.08"]
[SourceVersion "1"]
[SourceVersionDate "2015.10.08"]
[SourceQuality "1"]
[TimeControl "40/5400+30:1800+30"]
[WhiteClock "1:30:00"]
[BlackClock "1:30:00"]

1. Nf3 {[%emt 0:00:00]} Nf6 {[%emt 0:00:12]} 2. d4 {[%emt 0:00:03]} g6 {
[%emt 0:00:21]} 3. g3 {[%emt 0:00:25]} Bg7 {[%emt 0:00:16]} 4. Bg2 {[%emt 0:00:
11]} O-O {[%emt 0:00:39]} 5. O-O {[%emt 0:00:18]} d6 {[%emt 0:00:41]} 6. c4 {
[%emt 0:02:08] Rentrant par interversion de coups dans une Est-Indienne et le
GMI sera confronté au système g3 qu'il préconise. BOTVINNIK considérait
qu'il était utile d'avoir un répertoire ne permettant d'avoir ce genre de
situation pour éviter d'indiquer les meilleures lignes mais le Champion du
Monde jouait aussi relativement peu.} Nc6 {[%emt 0:00:16]} (6... Nbd7 {La
grande ligne}) 7. Nc3 {[%emt 0:00:27]} Rb8 {[%emt 0:01:12]} (7... a6) 8. d5 {
[%emt 0:07:57]} (8. h3 a6 9. e4 b5) (8. b3) 8... Na5 {[%emt 0:04:09]} 9. Nd2 {
[%emt 0:00:59]} (9. b3 {[%cal Gg7a1]}) 9... c5 {[%emt 0:12:31]} (9... Nd7 {
[%cal Gg7a1]} 10. Qc2 {[%cal Gb2b3]} Ne5 11. b3 c6 12. Bb2 b5 {Timman,J (2630)
-Nijboer,F (2555) NED-chT f Breda 1997 (2) 0-1}) 10. Qc2 {[%emt 0:01:23]} (10.
Rb1) (10. a3) 10... a6 {[%emt 0:01:14]} 11. b3 {[%emt 0:00:24]} b5 {[%emt 0:00:
21] Pierre joue également ce système avec les Noirs comme il l'avait fait
dans une partie de l'open Rhode} 12. Bb2 {[%emt 0:06:07]} (12. Rb1 {Lalic,B 
(2531)-Bailet,P (2306) Rohde op 08th 2008 (2) 1-0}) 12... bxc4 {[%emt 0:00:15]}
(12... e5) (12... Bh6 {[%csl Rc4][%cal Gh6d2]}) 13. bxc4 {[%emt 0:00:13]} Bh6 {
[%emt 0:00:12]} 14. f4 {[%emt 0:01:32]} (14. Ncb1 $5 {[%cal Gb1d2,Gb2c3,Gc3a5]}
Bd7 15. Bc3 Qc7 16. Na3 $14 {Ribli,Z (2505)-Suetin,A (2550) Kecskemet Toth
Memorial 4th 1972 (7) 1/2}) 14... e5 {[%emt 0:00:31]} 15. dxe6 {[%emt 0:02:25]}
Bxe6 {[%emt 0:00:04]} 16. Nd5 {[%emt 0:04:05]} Rxb2 {[%emt 0:01:45] Le thème
de la variante Rb8 et les Noirs ont des bonnes compensations} 17. Qxb2 {
[%emt 0:00:08]} Bg7 {[%emt 0:00:01][%cal Gg7a1]} 18. Qc1 {[%emt 0:08:34]} Bxd5
{[%emt 0:00:23]} 19. Bxd5 {[%emt 0:18:47]} (19. cxd5 {[%cal Gd2c4]} Ng4 20. Rb1
Bd4+ (20... Ne3 $44) 21. Kh1 Ne3 22. Qa3 Re8 $44) 19... Nxd5 {[%emt 0:10:16]}
20. cxd5 {[%emt 0:00:26]} Qe7 {[%emt 0:07:14]} 21. Rb1 {[%emt 0:00:08]} Qxe2 {
[%emt 0:12:00]} 22. Nf3 $6 $146 {[%emt 0:06:48][%csl Ra2]} (22. Qd1 $142 Qe3+
23. Kh1 c4 24. Re1 Qa3 25. Ne4 Rc8 26. Rb6 c3 27. Qd3 Qxa2 28. Qxa6 Rf8 29. Rb5
c2 30. Rxa5 Qb1 31. Qf1 Rb8 32. Ra8 Rxa8 33. Rxb1 cxb1=Q 34. Qxb1 Ra1 35. Qxa1
Bxa1 36. Nxd6 Kf8 37. Kg2 Ke7 38. Nc4 f5 39. Kf3 Bd4 40. h3 Kf6 41. g4 h6 42.
Ne3 Bc5 43. h4 fxg4+ 44. Nxg4+ Kg7 45. Ne5 Be7 46. Nc6 Bd6 47. Ke4 Kf6 48. Ne5
h5 49. Nd7+ Ke7 50. Nb6 Bc5 51. Nc4 Kf6 {Stohl,I (2580)-Kindermann,S (2540)
Germany 1997 1/2-1/2}) (22. Qe1 Qd3 23. Nf3 Nc4 24. Qd1 Qe4) 22... Qxa2 {
[%emt 0:05:53][%csl Ga6] Les Noirs ont maintenant une meilleure structure et
le P passé soutenu par le Bg7 est trés dangereux} 23. Qd2 {[%emt 0:06:02]}
Qa3 {[%emt 0:05:40]} 24. Qc1 {[%emt 0:08:31]} Qa4 {[%emt 0:00:47]} 25. Qd1 {
[%emt 0:01:32]} Qd7 {[%emt 0:05:32] Les Noirs ont encaissé le P sans faire de
concessions et le GMI va pouvoir commencer à mobiliser la majorité à
l'aile-dame} 26. Qc2 {[%emt 0:04:20]} (26. Qd2 Nc4) 26... c4 {[%emt 0:02:01]}
27. Rb6 {[%emt 0:02:11]} c3 $36 {[%emt 0:14:03][%csl Gc3][%cal Ga5c4,Gc4e3]}
28. Qa2 {[%emt 0:03:42]} Qa7 {[%emt 0:12:17][%csl Rb6,Rg1][%cal Ga7g1]} 29. Qf2
{[%emt 0:00:46]} (29. Rfb1 Rb8 {[%csl Rg1]}) 29... c2 {[%emt 0:02:32]} 30. Rxd6
$4 {[%emt 0:05:18] Paradoxalement, les Blancs qui avaient plus de 12 mns à la
pendule contre moins de 2 pour l'adversaire, vont gaffer.} Qxf2+ {[%emt 0:00:
10]} 31. Kxf2 {[%emt 0:00:06]} Bb2 $17 {[%emt 0:00:59]} 32. Rxa6 {[%emt 0:01:
02]} Nb3 {[%emt 0:00:24]} 33. Rb6 {[%emt 0:03:05]} c1=Q {[%emt 0:00:06]} 34.
Rxc1 {[%emt 0:00:04]} Nxc1 {[%emt 0:00:04]} 35. Ke3 {[%emt 0:00:21]} Ba3 {
[%emt 0:01:28]} 36. Kd2 {[%emt 0:00:34]} Rd8 {[%emt 0:00:45]} 37. Rb5 {[%emt 0:
00:23]} Na2 {[%emt 0:00:33]} 38. Kd3 {[%emt 0:02:33]} Bd6 {[%emt 0:00:23]} 39.
Kd4 0-1